[Event "Millennium Hybrid Masters"]
[Site "Tornelo INT"]
[Date "2022.03.09"]
[Round "1.10"]
[White "Schat, Carlos"]
[Black "Walter, Stefan1111"]
[Result "0-1"]
[WhiteElo "2017"]
[BlackElo "2380"]
[PlyCount "82"]
[EventDate "2022.03.09"]
[EventType "team-tourn"]
[EventRounds "5"]
[EventCountry "GER"]
[SourceTitle "EXT 2023"]
[Source "ChessBase"]
[SourceDate "2022.10.05"]
[SourceVersion "1"]
[SourceVersionDate "2022.10.05"]
[SourceQuality "1"]
[WhiteTeam "Werder Bremen"]
[BlackTeam "Niedersachsen Schachverband"]
[WhiteTeamCountry "GER"]
[BlackTeamCountry "GER"]

1. e4 e5 2. Nf3 Nc6 3. Bb5 a6 4. Bxc6 dxc6 5. Nc3 Qf6 6. d4 exd4 7. Bg5 Qd6 8. e5 Qg6 9. Qxd4 Be6 10. 0-0-0 Be7 11. Bxe7 Nxe7 12. Rhg1 b6 13. g4 0-0 14. h4 Qh6+ 15. Kb1 Nd5 16. Ne2 Rad8 17. a3 Rd7 18. h5 Nf6 19. g5 Rxd4 20. Rxd4 Qxh5 21. gxf6 Qxf3 22. Rxg7+ Kh8 23. Rh4 Bf5 24. Nd4 Bxc2+ 25. Nxc2 Qd1+ 26. Ka2 Qxc2 27. f4 Rd8 28. Rh1 Rd2 29. Rb1 Rg2 30. Rxg2 Qxg2 31. Rd1 h5 32. f5 Qd5+ 33. Rxd5 cxd5 34. e6 fxe6 35. fxe6 Kg8 36. Kb3 h4 37. Kc3 h3 38. Kd4 h2 39. Kxd5 h1Q+ 40. Ke5 Qh5+ 41. Kf4 Qd5 0-1

[Event "Blankenese op 2nd"]
[Site "Hamburg"]
[Date "2018.09.29"]
[Round "2.18"]
[White "Schat, Carlos"]
[Black "Poschadel, Andreas Gregor"]
[Result "1-0"]
[WhiteElo "2004"]
[BlackElo "1848"]
[PlyCount "47"]
[EventDate "2018.09.29"]
[EventType "swiss"]
[EventRounds "7"]
[EventCountry "GER"]
[SourceTitle "EXT 2020"]
[Source "ChessBase"]
[SourceDate "2019.10.17"]
[SourceVersion "1"]
[SourceVersionDate "2019.10.17"]
[SourceQuality "1"]

1. Nf3 d5 2. g3 Nf6 3. Bg2 e6 4. 0-0 Be7 5. d3 b6 6. Nbd2 Bb7 7. e4 0-0 8. e5 Nfd7 9. Re1 c5 10. c3 Nc6 11. Nf1 Qc7 12. Bf4 Rfd8 13. h4 Rac8 14. N1h2 Nf8 15. h5 c4 16. d4 b5 17. Ng4 a5 18. Qd2 b4 19. Ng5 a4 20. Nf6+ gxf6 21. exf6 Bd6 22. Bxd6 Rxd6 23. Ne4 dxe4 24. Qh6 1-0

[Event "Blankenese op 1st"]
[Site "Hamburg"]
[Date "2017.10.03"]
[Round "7.11"]
[White "Light, Bjarne"]
[Black "Schat, Carlos"]
[Result "1-0"]
[WhiteElo "2162"]
[BlackElo "1978"]
[PlyCount "47"]
[EventDate "2017.09.30"]
[EventType "swiss"]
[EventRounds "7"]
[EventCountry "GER"]
[SourceTitle "EXT 2020"]
[Source "ChessBase"]
[SourceDate "2019.10.17"]
[SourceVersion "1"]
[SourceVersionDate "2019.10.17"]
[SourceQuality "1"]

1. c4 Nf6 2. g3 g6 3. Bg2 Bg7 4. Nc3 0-0 5. d3 e5 6. e4 d6 7. Nge2 Nbd7 8. 0-0 c6 9. h3 a6 10. Be3 b5 11. b3 Bb7 12. Qd2 b4 13. Na4 a5 14. Rac1 Rc8 15. f4 Qe7 16. f5 d5 17. g4 gxf5 18. Rxf5 Kh8 19. Ng3 Rg8 20. Rcf1 Rcf8 21. Qf2 Nxg4 22. hxg4 Qh4 23. Rh5 Qxg4 24. Bh3 1-0

[Event "Blankenese op 1st"]
[Site "Hamburg"]
[Date "2017.10.03"]
[Round "6.12"]
[White "Schat, Carlos"]
[Black "Juergens, Bernhard"]
[Result "1/2-1/2"]
[WhiteElo "1978"]
[BlackElo "2080"]
[PlyCount "38"]
[EventDate "2017.09.30"]
[EventType "swiss"]
[EventRounds "7"]
[EventCountry "GER"]
[SourceTitle "EXT 2020"]
[Source "ChessBase"]
[SourceDate "2019.10.17"]
[SourceVersion "1"]
[SourceVersionDate "2019.10.17"]
[SourceQuality "1"]

1. e4 e6 2. d4 d5 3. Nd2 Nf6 4. e5 Nfd7 5. Bd3 c5 6. c3 Nc6 7. Ne2 cxd4 8. cxd4 f6 9. exf6 Nxf6 10. 0-0 Bd6 11. Nf3 Qc7 12. Bg5 0-0 13. Nc3 a6 14. Re1 h6 15. Bh4 Nh5 16. Rc1 g5 17. Ne5 Nf4 18. Bg3 Bxe5 19. dxe5 Qg7 1/2-1/2